00967nam a2200265Ia 4500003000400000005001700004008004100021020001500062040001800077041000800095082002200103100002900125245010400154250001200258260004700270300002900317650004000346650002800386650004200414650003800456700002800494942002600522999001900548952013400567OSt20251203090835.0210716s2005 xx 000 0 und d a9812530630 cAIMIT LIBRARY aeng a005.762 21bMITS aMitra, Sushmita.9247306 aData mining: bmultimedia soft computing and bioinformatics /cBy Sushmita Mitra and Tinku Acharya. a1st ed. aNew Jersey :bJohn Wiley and Sons ,c2005. axviii,401 p.;bPBc23cm. aMultimedia data compression9247307 aString matching9247308 aClassification in data mining9247309 aClustering in data mining9247310 aAcharya, Tinku.9247311 2ddccBKk005.767 MITS c189946d189946 00102ddc40708MCAaAIMITbAIMITeAthulya Booksg209.00l0o005.762 MITSpMCA09454r2026-05-23 00:00:00v156.75w2021-07-16yBK